Meracia hlavica systému na snímanie Barkhausenovho šumu

Enregistré dans:
Détails bibliographiques
Auteur principal: Kafka, Filip (Auteur)
Autres auteurs: Jančárik, Vladimír (Directeur de thèse)
Format: Manuscrit Livre
Langue:slovaque
Publié: 2019
Sujets:
Accès en ligne:http://is.stuba.sk/zp/portal_zp.pl?podrobnosti=147693
Tags: Ajouter un tag
Pas de tags, Soyez le premier à ajouter un tag!

MARC

LEADER 00000ntm a22000003a 4500
001 stuzp73602
003 SK-STU
005 20190719111502.9
007 ta
008 150427s2015----xo-----f-mn---000-0-slo-d
040 |a STU  |b slo 
041 0 |a slo 
044 |a xo 
100 1 |a Kafka, Filip  |u 034000  |4 aut  |U FEI Fakulta elektrotechniky a informatiky  |T FEI Ústav elektrotechniky  |X 86377  |U E040  |Y 550  |7 86377 
242 0 1 |a Sensing head for Barkhausen noise recording  |y eng 
245 1 0 |a Meracia hlavica systému na snímanie Barkhausenovho šumu 
260 |c 2019 
300 |a 81 s. 
650 4 |a Magnetické pole  |2 slo 
650 4 |a Automatizovaný systém merania  |2 slo 
650 4 |a Charpyho vzorka  |2 slo 
650 4 |a Analýza magnetického poľa  |2 slo 
650 4 |a Automatic measurement system  |2 eng 
650 4 |a Charpy's sample  |2 eng 
650 4 |a Magnetic field analysis  |2 eng 
650 4 |a Magnetic field  |2 eng 
700 1 |a Jančárik, Vladimír  |u 034000  |k Z1  |4 ths  |U FEI Fakulta elektrotechniky a informatiky  |T FEI Ústav elektrotechniky  |X 1862  |U E040  |Y 550  |7 A000001862 
856 4 |u http://is.stuba.sk/zp/portal_zp.pl?podrobnosti=147693 
996 |b 284ER02925  |c E*Bc- 2925  |l EE34  |s P  |a 0  |w stuzp73602_0001